| 000 -LEADER |
| fixed length control field |
00559cam a22001577a 4500 |
| 008 - FIXED-LENGTH DATA ELEMENTS--GENERAL INFORMATION |
| fixed length control field |
180718b1894 xxu||||| |||| 00| 0 eng d |
| 082 ## - DEWEY DECIMAL CLASSIFICATION NUMBER |
| Classification number |
A6x54 R861/Am48 |
| 100 ## - MAIN ENTRY--PERSONAL NAME |
| Personal name |
Ritchie, Anne Thackeray |
| 245 ## - TITLE STATEMENT |
| Title |
Lord Amherst and the British advance eastwards to Burma |
| Statement of responsibility, etc. |
by Anne Thackeray Ritchie and Richardson Evans |
| 260 ## - PUBLICATION, DISTRIBUTION, ETC. |
| Place of publication, distribution, etc. |
Oxford |
| Name of publisher, distributor, etc. |
Clarendon Press |
| Date of publication, distribution, etc. |
1894 |
| 300 ## - PHYSICAL DESCRIPTION |
| Extent |
220p. |
| 440 ## - SERIES STATEMENT/ADDED ENTRY--TITLE |
| Title |
Rulers of India |
| 650 ## - SUBJECT ADDED ENTRY--TOPICAL TERM |
| Topical term or geographic name entry element |
Anglo-Burmese War, 1st, 1824-1826 |
| 650 ## - SUBJECT ADDED ENTRY--TOPICAL TERM |
| Topical term or geographic name entry element |
Amherst of Arracan, William Pitt Amherst, Earl, 1773-1857 |
| 700 ## - ADDED ENTRY--PERSONAL NAME |
| Personal name |
Evans, Richardson |